000 00530nam a2200169 i 4500
001 89958
003 ES-MaACL
005 20230906180317.0
007 t|
008 050117s1960 sp ||||1| spa d
100 1 _aLeach Albert, Federico.
_970952
245 1 4 _aLas contribuciones especiales en la esfera local /
_cFederico Leach Albert ; prólogo de Luis Amat Escandel.
260 _aLogroño :
_bOchoa,
_c1960.
300 _a272 p. ;
_c22 cm.
700 1 _aAmat Escandell, Luis.
_921139
852 _aES-MaACL
_jC-17574
_bR.45769
999 _c89958
_d89958